000 00310nam a22001337a 4500
008 170228b xxu||||| |||| 00| 0 eng d
020 _a9780781772075
041 _aeng
080 _28 ED
_a616.6 006
100 _a6
101 _aSHM
245 _aCANCER PRINCIPLES OF ONCOLOGY
_cDEVITA.V.T
942 _2udc
_cBK
999 _c6420
_d6420